Mangment control systems (Record no. 79356)

MARC details
000 -LEADER
fixed length control field 00339pam a2200145 a 4500
020 ## - INTERNATIONAL STANDARD BOOK NUMBER
Terms of availability
041 ## - LANGUAGE CODE
Language code of original
082 ## - DEWEY DECIMAL CLASSIFICATION NUMBER
Item number ANT
100 ## - MAIN ENTRY--PERSONAL NAME
Personal name Anthony robert N,
Relator term Deaden John .
245 ## - TITLE STATEMENT
Title Mangment control systems
Medium Textual Documents
250 ## - EDITION STATEMENT
Edition statement 1980 /
Remainder of edition statement 4.
260 ## - PUBLICATION, DISTRIBUTION, ETC.
Place of publication, distribution, etc. [s.l]:
Name of publisher, distributor, etc. Richads D Irowin
300 ## - PHYSICAL DESCRIPTION
Extent xi + 304 pg.
930 ## - EQUIVALENCE OR CROSS-REFERENCE-UNIFORM TITLE HEADING [LOCAL, CANADA]
Uniform title 2432
Holdings
Withdrawn status Lost status Damaged status Not for loan Collection Home library Current library Date acquired Source of acquisition Cost, normal purchase price Total Checkouts Full call number Barcode Date last seen Copy number Price effective from Koha item type
          Yashwantrao Mohite College of Arts, Science And Commerce, Pune Yashwantrao Mohite College of Arts, Science And Commerce, Pune 08/03/2021 Bharati Sahakari Madhyavarti Grahak Bhandar 115.00   ANT YMP-60226 24/02/2023 1 24/02/2023 Book